000 00429nam a2200181Ia 4500
001 7629
005 20260306160509.0
008 260306t2012||||xx |||||||||||||| ||spa||
041 _aESP
082 _a352.44
_bP12
100 _aPachamango Cortez, Nelly
_eAUT
245 0 _aAdministración tributaria II
260 _c2012
300 _a232 páginas :
_c24 cm.
650 _aGEN
654 _aCAN
942 _cLIB
_dJUS
_fJUS
_2ddc
_n
999 _c7629
_d7629